Normal view
MARC view
- اعداد القاسم، احمد غسان مثقال مصطفى
Entry Personal Name
001 - CONTROL NUMBER
- control field: 52019
003 - CONTROL NUMBER IDENTIFIER
- control field: JO-AjAnu
005 - DATE AND TIME OF LATEST TRANSACTION
- control field: 20230606082544.0
008 - FIXED-LENGTH DATA ELEMENTS
- fixed length control field: 230606|| aca||aabn | a|a d
040 ## - CATALOGING SOURCE
- Original cataloging agency: JO-AjAnu
- Transcribing agency: JO-AjAnu
100 ## - HEADING--PERSONAL NAME
- Personal name: اعداد القاسم، احمد غسان مثقال مصطفى
670 ## - SOURCE DATA FOUND
- Source citation: Work cat.: (JO-AjAnu)26586: اعداد القاسم، احمد غسان مثقال مصطفى, author, تأثير الفطنة المنظمية على الاداء المؤسسي : دراسة على المصارف التجارية العاملة في الاردن